| 000 | 00937nac a22002051u 4500 | ||
|---|---|---|---|
| 010 | _a 2006934807 | ||
| 020 | _a9780470045954 (pbk. : alk. paper) | ||
| 020 | _a0470045957 (pbk. : alk. paper) | ||
| 082 |
_a005.54 _bMUI. |
||
| 090 |
_c5206 _d5206 |
||
| 100 | _aMuir, Nancy. | ||
| 245 | 1 | 0 |
_aTeach yourself visually(tm) excel 2007 / _cNancy Muir. |
| 260 |
_aIndianapolis, IN : _bWiley Pub., Inc,c.2006. _cc.2006. |
||
| 300 | _ap. cm. | ||
| 856 | 4 | 1 |
_3Table of contents only _uhttp://www.loc.gov/catdir/enhancements/fy0741/2006934807-t.html |
| 856 | 4 | 1 |
_3Publisher description _uhttp://www.loc.gov/catdir/enhancements/fy0741/2006934807-d.html |
| 856 | 4 | 1 |
_3Contributor biographical information _uhttp://www.loc.gov/catdir/enhancements/fy0741/2006934807-b.html |
| 942 |
_cBB _k005.54MUI. |
||
| 999 |
_c5206 _d5206 |
||